Building maintenance price book (Record no. 110975)

MARC details
000 -LEADER
fixed length control field 01027cam a22002775a 4500
001 - CONTROL NUMBER
control field L150756
008 - FIXED-LENGTH DATA ELEMENTS--GENERAL INFORMATION
fixed length control field 100901s2010 xxk f 001 0 eng d
020 ## - INTERNATIONAL STANDARD BOOK NUMBER
International Standard Book Number 9781907196041
022 1# - INTERNATIONAL STANDARD SERIAL NUMBER
International Standard Serial Number 0261-2933
035 ## - SYSTEM CONTROL NUMBER
System control number (Sirsi) u150756
041 0# - LANGUAGE CODE
Language code of text/sound track or separate title eng
050 04 - LIBRARY OF CONGRESS CALL NUMBER
Classification number 692.5 $2 18
110 2# - MAIN ENTRY--CORPORATE NAME
Corporate name or jurisdiction name as entry element Building Cost Information Service
9 (RLIN) 1096
245 00 - TITLE STATEMENT
Title Building maintenance price book
Remainder of title 2010
250 ## - EDITION STATEMENT
Edition statement 30th ed.
260 ## - PUBLICATION, DISTRIBUTION, ETC.
Place of publication, distribution, etc. London
Name of publisher, distributor, etc. BCIS
Date of publication, distribution, etc. 2010
300 ## - PHYSICAL DESCRIPTION
Extent 302p.
Other physical details spiral bound
Dimensions 21cm.
505 2# - FORMATTED CONTENTS NOTE
Formatted contents note Introduction -- Basic costs -- Labour constants -- Measured rates -- Index
520 ## - SUMMARY, ETC.
Summary, etc. This books gives up to date representation on prices for maintenance and repair work. It provides a realistic expectations on costs involving works as well as a sound source of maintenance cost information for estimating and pricing.
520 ## - SUMMARY, ETC.
Summary, etc. Supersedes 29th edition (ISBN 9781904829911).
521 ## - TARGET AUDIENCE NOTE
Target audience note Advanced
590 ## - LOCAL NOTE (RLIN)
Local note KA
651 #4 - SUBJECT ADDED ENTRY--GEOGRAPHIC NAME
Geographic name United Kingdom
Chronological subdivision
690 ## - LOCAL SUBJECT ADDED ENTRY--TOPICAL TERM (OCLC, RLIN)
Topical term or geographic name as entry element BUILT ENVIRONMENT-BUILDING COSTS
942 ## - ADDED ENTRY ELEMENTS (KOHA)
Suppress in OPAC 0
Holdings
Withdrawn status Lost status Source of classification or shelving scheme Damaged status Not for loan Home library Current library Shelving location Date acquired Total Checkouts Full call number Barcode Date last seen Copy number Price effective from Koha item type
    Dewey Decimal Classification     London London RICS Boxes 01/09/2010   RICS 2010/10 30076877 06/08/2019 1 06/08/2019 Archive
    Dewey Decimal Classification     London London Basement 01/09/2010   692.5 BUI 30076878 06/08/2019 1 06/08/2019 Book
    Dewey Decimal Classification     London London Books 01/09/2010   692.5 BUI 30076880 06/08/2019 2 06/08/2019 Book